00641nam a22001577a 450000500170000000800410001702000150005804100130007308200150008610000690010124501880017025000190035826000470037730000350042465000240045920231102130124.0231102b |||||||| |||| 00| 0 eng d a0702151424 aEnglish  a346.6 HAH  aPretorius, JT, Delport, PA, Havenga, M and Vermaas, M lEnglish  aHahlo's South African Company Law through the cases : ba collection of cases on Company Law with Explanatory Notes and Comments /cJT Pretorius, PA Delport, M Havenga and M Vermaas  aSixth Edition  aCape Town : bJuta and Company Ltd, c1999 bxlviii, 629 pages ; c25,5 cm. aLegal practicebLaw